000 00729nam a2200253 a 4500
001 63770
003 BD-RjUL
005 20211209081230.0
008 170204s1985 enk 000 0 eng d
020 _a0333390024
035 _a(BD-RjUL) 63900
040 _aBD-RjUL
_beng
_cBD-RjUL
041 _aeng
082 _a823
_223
_bDIM 1985
100 1 _aDickens, Charles,
_d1812-1870.
_9189296
245 1 0 _aHard times /
_cCharles Dickens
260 _aLondon :
_bMacmillan,
_cc1985 [Reprinted 1994]
300 _aviii, 82 p. ;
_c19 cm.
490 1 _aMacMillan Master Guides
650 _aEnglish fiction.
_9185796
700 1 _aPage, Norman
_qNorman Page
_9189297
830 0 _aMacMillan Master Guides
_9189298
942 _2ddc
_cBK
999 _c63770
_d63770